Online
Catalog

Exequias de la lengua castellana / (Record no. 5829)

MARC details
000 -CABECERA
campo de control de longitud fija 00619cam a2200181 a 4500
001 - NÚMERO DE CONTROL
campo de control 000006033
005 - FECHA Y HORA DE LA ÚLTIMA TRANSACCIÓN
campo de control 20200929151908.0
008 - DATOS DE LONGITUD FIJA--INFORMACIÓN GENERAL
campo de control de longitud fija 761112s1925 sp 000 0 spa
040 ## - FUENTE DE LA CATALOGACIÓN
Centro catalogador/agencia de origen DO-SdBNP
Lengua de catalogación spa
Centro/agencia transcriptor BNPHU
082 ## - NÚMERO DE LA CLASIFICACIÓN DECIMAL DEWEY
Número de clasificación nnn
Número de documento/Ítem F727e
100 1# - ENTRADA PRINCIPAL--NOMBRE DE PERSONA
Nombre de persona Forner, Juan Pablo,
Fechas asociadas al nombre 1756-1797.
9 (RLIN) 13680
245 10 - MENCIÓN DE TÍTULO
Título Exequias de la lengua castellana /
Mención de responsabilidad, etc. Don Juan Pablo Forner ; edición y notas Pedro Sáinz y Rodríguez.
260 ## - PUBLICACIÓN, DISTRIBUCIÓN, ETC.
Lugar de publicación, distribución, etc. Madrid :
Nombre del editor, distribuidor, etc. La Lectura,
Fecha de publicación, distribución, etc. 1925.
300 ## - DESCRIPCIÓN FÍSICA
Extensión 294 p. ;
Dimensiones 19 cm.
490 1# - MENCIÓN DE SERIE
Mención de serie Clásicos Castellanos
700 1# - PUNTO DE ACCESO ADICIONAL--NOMBRE DE PERSONA
Nombre de persona Sáinz y Rodríguez, Pedro,
Fechas asociadas al nombre 1898-
Término indicativo de función/relación ed.
9 (RLIN) 17013
830 #0 - PUNTO DE ACCESO ADICIONAL DE SERIE-TÍTULO UNIFORME
Título uniforme Clásicos Castellanos
9 (RLIN) 4180
Holdings
Estado de retiro Estado de pérdida Restricciones de uso No para préstamo Código de colección Localización permanente Ubicación/localización actual Ubicación en estantería Fecha de adquisición Número de inventario Total de préstamos Signatura topográfica completa Código de barras Fecha visto por última vez Precio válido a partir de Tipo de ítem Koha
    Préstamo interno   Monografías: Libros y Folletos General General En catalogación 25.08.2009 LF1   nnn F727e 6033-10 25.06.2020 25.06.2020 Préstamo interno

Powered by Koha